| 000 | 00593cam a2200169u 4500 | ||
|---|---|---|---|
| 082 |
_a940.5425 _bPRA _cL-30, P-77 |
||
| 100 | 1 |
_aMadan, N. N. [from old catalog] _949043 |
|
| 245 | 1 | 4 | _aThe Arakan operations, 1942-1945. |
| 260 |
_a[Delhi? _bCombined Inter-Services Historical Section (India & Pakistan) _c1954] |
||
| 300 | _ap. cm. | ||
| 526 |
_a0 _b0 _c0 _d940_542500000000000_PRA |
||
| 526 |
_a0 _b0 _c0 _d940_542500000000000_PRA |
||
| 650 | 0 |
_aMCE _9379 |
|
| 650 | 0 |
_aWorld War, 1939-1945 _xCampaigns _zBurma. [from old catalog] _948951 |
|
| 700 | 1 |
_aPrasad, Bisheshwar. _948844 |
|
| 942 |
_2ddc _cBK |
||
| 999 |
_c551875 _d551875 |
||